000 01092nac a22003017a 4500
001 BR2012005299
003 BR-BrBNA
005 20240105123940.0
008 230509b bl.|||m| |||| 00| 0 por d
040 _aBR-BrBNA
_bpor
_cBiblioteca Nacional de Agricultura
072 _aN10
090 _a4430 BR2012005299
100 1 _aTombosetti, V.
100 1 _aPfau, L.A.
100 1 _aRamos, J.
100 1 _aSouza, A.J.R. de
110 1 _aInstituto Paranaense de Assistência Técnica e Extensão Rural, Curitiba, PR (Brasil)
_96553
245 1 _aModelo EMATER de produção de leite - Território da cidadania Cantuquiriguaçu e Paraná Centro; instalações para pecuária de leite
260 3 _aCuritiba, PR (Brasil):
_c2011.
300 _a16 p.
490 _aSérie Produtor - Instituto Paranaense de Assistência Técnica e Extensão Rural (Brazil)
_vno. 139
_x
500 _a11 illus.
650 _aSALA DE ORDENHA
650 _aALIMENTAÇÃO SUPLEMENTAR
650 _aINSTALAÇÃO PARA ANIMAL
909 _a202312
_bLúcia Elande
_c55
_dLúcia Elande
942 _2AGRIS
_n0
_cMS
999 _c297685
_d297685